000 01269nam a22003857a 4500
001 1979041
003 OSt
005 20210421065037.0
008 890209r1989 enka 000 1 eng
010 _a 89001139
020 _a0517573636
040 _aeng
_cDLC
_dDLC
_dOCoLC
_dDLC
_beng
041 _aeng
043 _ae------
_aff-----
_aaw-----
050 0 0 _aPR6054.A8925
_bS55 1989
080 _a821.111
_bD-26
082 0 0 _a823/.914
_219
100 1 _aDavis, Lindsey.
245 1 4 _aThe silver pigs :
_ba novel /
_cby Lindsey Davis.
250 _a1st American ed.
260 _aNew York :
_bCrown Publishers,
_cc1989.
300 _aix, 258 p. :
_bill. ;
_c24 cm.
365 _b18.95 usd
600 1 0 _aFalco, Marcus Didius,
_d41-
_vFiction.
650 0 _aHelena Justina (Fictitious character)
_vFiction.
650 0 _aEnglish literature
_9254
650 0 _aPrivate investigators
_zRome
_vFiction.
651 0 _aRome
_xHistory
_yVespasian, 69-79
_vFiction.
651 0 _aGreat Britain
_xHistory
_yTo 449
_vFiction.
653 _aინგლისური ლიტერატურა
655 7 _aDetective and mystery stories.
_2gsafd
655 7 _aHistorical fiction.
_2gsafd
906 _a7
_bcbc
_corignew
_d1
_eocip
_f19
_gy-gencatlg
942 _2udc
_cBK
_e1
999 _c675
_d675